000 00538nam a22002057a 4500
999 _c442893
_d442893
003 UA-OsUOA
005 20191121100400.0
008 191121b un ||||| |||| 00| 0 ukr d
040 _aUA-OsUOA
_bukr
_cUA-OsUOA
_dUA-OsUOA
041 _aukr
080 _a821.161.2
090 _a821.161.2
_bД56
100 _aДобрушин Д
245 _aОт Волги до Эльбы
_cДавид Добрушин
260 _aКиев
_bДніпро
_c1978
300 _a310 с.
650 _a821.161.2
942 _2udc
_cBK
955 _a3